Introducción a la teoría crítica de la sociedad.
| Main Author: | |
|---|---|
| Format: | Libro |
| Language: | Spanish |
| Published: |
Barcelona, España
Seix Barral
1970
|
| Subjects: |
MARC
| LEADER | 00000cam a2200000 a 4500 | ||
|---|---|---|---|
| 001 | 000044 | ||
| 003 | UAHC_CL | ||
| 005 | 20170815211113.0 | ||
| 008 | 010822s1970 sp j 000 1 spa | ||
| 040 | |a UAHC_CL |c UAHC_CL |d UAHC_CL | ||
| 082 | 0 | 4 | |a 301.01 M 288 |
| 100 | 1 | |a Mansilla, H.C.F. | |
| 245 | 1 | 0 | |a Introducción a la teoría crítica de la sociedad. |
| 260 | |b Seix Barral |c 1970 |a Barcelona, España | ||
| 300 | |a 188 p. | ||
| 650 | 4 | |a SOCIOLOGIA | |
| 650 | 4 | |a ECONOMIA | |
| 653 | |a SOCIOLOGIA | ||
| 900 | |a 301.01 MAN | ||
| 942 | |c BK | ||
| 999 | |c 49413 |d 49413 | ||